000 01322agaaa2200301 4500
001 7050
003 IT-RoPAU
005 20220918181300.0
007 d cvaizq
008 50131s9999||||xx ||| | || ||und||
040 _aIT-RoPAU
_cIT-RoPAU
041 _aITALIANO
100 _aMeli Beppe
_gCodice regista SPICS: 30757
_952804
130 _aGUIDA ALL'USO DELLA VIDEO-CAMERA (TECNICHE BASE 1)
_952805
245 _aGUIDA ALL'USO DELLA VIDEO-CAMERA (TECNICHE BASE 1)
_cDiretto da: Meli Beppe
_pGUIDA ALL'USO DELLA VIDEO-CAMERA (TECNICHE BASE 1) (Rif. Codice opera principale : 87050)
250 _aEdizione Standard
260 _aGENOVA (ITALIA)
_bELETTRA FILM / Distribuzione: MONDADORI VIDEO
_g"1990 (1° ed.: 1990 ; Ed. Lingua Orig.: 1990)"
300 _aVHS
_bsonoro, col.
_c40 minuti
508 _a"Fotografia: Gallianini Federico; Montaggio: Albarello Valerio; "
511 _a"Aste Patrizia; Trapani Roberto"
520 _aGUIDA ALL'USO DELLA VIDEOCAMERA VIDEOREGISTRATORE
538 _aPAL, STEREO
546 _aITALIANO
650 _aDIDATTICO
_eTV-PROG. DIDATTICO/CULTURALI-DOCUMENTARI [VHS]
_xCodice MATERIA SPICS: 9962
_952806
700 _aMeli Beppe
_e(regista)
_gCodice regista SPICS: 30757
_952807
700 _aMerello Enrico
_e(soggetto)
_gCodice Soggetto SPICS: 30759
_952808
942 _cVH
_2ddc
999 _c107603
_d107603